Elementary genetics : the physiology of descent /

Saved in:
Bibliographic Details
Main Author: George, Wilma, 1918-
Format: Book
Language:English
Published: London : Macmillan, 1960.
Subjects:
LEADER 00854nam a22002411a 4500
001 c000001097
003 CARM
005 19890110000000.0
008 790925r19601951at 000 0 eng d
019 1 |a 2550586  |5 LACONCORD2021 
035 |a (OCoLC)220176509  |5 LACONCORD2021 
040 |a VCAV  |b eng  |c VCAV  |d ABN-SNR 
042 |a anuc 
082 0 4 |a 575.1 
100 1 |a George, Wilma,  |d 1918- 
245 1 0 |a Elementary genetics :  |b the physiology of descent /  |c by Wilma George. 
260 |a London :  |b Macmillan,  |c 1960. 
300 |a vi, 171 p. :  |b ill., tables. 
504 |a Bibliography: p.160-163. 
650 0 |a Genetics. 
852 8 |b CARM  |h A2:AE15E0  |i C00260  |p 0014278  |f BK 
999 f f |i d402d990-400d-5338-917a-8c8ef12d8f97  |s 382375a2-c68e-5e55-af86-eb4b1b70d4da 
952 f f |p Can circulate  |a CAVAL  |b CAVAL  |c CAVAL  |d CARM 1 Store  |e C00260  |f A2:AE15E0  |h Other scheme  |i book  |m 0014278